Z jakiego kraju jest/był ten sportowiec? - Statystyki

Ogólne statystyki
  • Ten quiz został rozwiązany 691 razy
  • Średni wynik to 12 z 15
Statystyki odpowiedzi
Obrazkowy Hint Odpowiedź % Poprawnych
Kamil Stoch Polska
100%
Virgil Van Dijk Holandia
98%
Pavel Nedvěd Czechy
92%
Andrij Szewczenko Ukraina
90%
Conor McGregor Irlandia
89%
Rafael Nadal Hiszpania
87%
Novak Djoković Serbia
84%
Sadio Mane Senegal
82%
Stephen Curry Stany Zjednoczone
82%
Nicki Pedersen Dania
78%
George Best Irlandia Północna
70%
Anthony Joshua Anglia
60%
Alberto Contador Hiszpania
57%
Ivan Zaytsev Włochy
48%
Jose Aldo Brazylia
45%
Nie znaleziono quizów pasujących do podanych kryteriów
Rozkład punktacji
Procent ludzi z każdym wynikiem
Percentyl według liczby udzielonych odpowiedzi
Twoja historia wyników
Nie rozwiązałeś tego quizu